Higher engineering mathematics (Record no. 66178)

000 -LEADER
fixed length control field 00440nam a22001817a 4500
003 - CONTROL NUMBER IDENTIFIER
control field NUST - PNEC
005 - DATE AND TIME OF LATEST TRANSACTION
control field 20170116180942.0
008 - FIXED-LENGTH DATA ELEMENTS--GENERAL INFORMATION
fixed length control field 150616b xxu||||| |||| 00| 0 eng d
020 ## - INTERNATIONAL STANDARD BOOK NUMBER
International Standard Book Number 8174091955
040 ## - CATALOGING SOURCE
Transcribing agency LIBRARY
082 ## - DEWEY DECIMAL CLASSIFICATION NUMBER
Classification number 510 GRE
100 ## - MAIN ENTRY--PERSONAL NAME
9 (RLIN) 4022
Personal name Grewal, B.S.
245 ## - TITLE STATEMENT
Title Higher engineering mathematics
Statement of responsibility, etc. B.S. Grewal
250 ## - EDITION STATEMENT
Edition statement 39th ed
300 ## - PHYSICAL DESCRIPTION
Extent 714 p. :
650 ## - SUBJECT ADDED ENTRY--TOPICAL TERM
9 (RLIN) 4024
Topical term or geographic name entry element Mathematics
General subdivision ME
942 ## - ADDED ENTRY ELEMENTS (KOHA)
Source of classification or shelving scheme
Koha item type Book
Holdings
Withdrawn status Lost status Source of classification or shelving scheme Damaged status Not for loan Permanent Location Current Location Shelving location Date acquired Total Checkouts Full call number Barcode Date last seen Date last checked out Price effective from Koha item type
          Pakistan Navy Engineering College (PNEC) Pakistan Navy Engineering College (PNEC)     1 510 GRE PNECLIB-024745 06/03/2016 05/26/2016   Book
© 2023 Central Library, National University of Sciences and Technology. All Rights Reserved.